[Event "Malaga-ch Seniors 15th"]
[Site "Malaga"]
[Date "2019.03.30"]
[Round "1"]
[White "Pommier, Laurent"]
[Black "Martos Crespo, Antonio Jose"]
[Result "1/2-1/2"]
[WhiteElo "1513"]
[BlackElo "1647"]
[PlyCount "105"]
[EventDate "2019.03.30"]
[EventType "swiss"]
[EventRounds "6"]
[EventCountry "ESP"]
[SourceTitle "EXT 2024"]
[Source "ChessBase"]
[SourceDate "2023.10.10"]
[SourceVersion "1"]
[SourceVersionDate "2023.10.10"]
[SourceQuality "1"]

1. e4 e5 2. Nf3 Nf6 3. Nc3 Nc6 4. d4 exd4 5. Nxd4 Bb4 6. Nxc6 bxc6 7. Bd3 d5 8. exd5 cxd5 9. Bd2 0-0 10. 0-0 Re8 11. a3 Bg4 12. Qc1 Bd6 13. Re1 Qd7 14. Nb5 Bc5 15. b4 Bb6 16. Nc3 c6 17. Na4 Bc7 18. Rxe8+ Rxe8 19. Bf4 Be5 20. Bxe5 Rxe5 21. Nc5 Qe7 22. h3 Bf5 23. Bxf5 Rxf5 24. Nd3 Ne4 25. Qe3 Qc7 26. Re1 h6 27. f3 Nd6 28. Qe7 Qxe7 29. Rxe7 Nb5 30. a4 Na3 31. Ne1 Rf4 32. Rxa7 Rxb4 33. Nd3 Rc4 34. Ne1 Nxc2 35. Nxc2 Rxc2 36. a5 Ra2 37. a6 c5 38. Ra8+ Kh7 39. a7 c4 40. Rd8 Rxa7 41. Rxd5 Rc7 42. Rd1 c3 43. Kf2 c2 44. Rc1 f5 45. Ke2 f4 46. Kd2 Kg6 47. Rxc2 Rxc2+ 48. Kxc2 Kh5 49. Kd2 Kh4 50. Ke2 Kg3 51. Kf1 g5 52. Kg1 h5 53. Kf1 1/2-1/2

[Event "Reunion op 09th"]
[Site "Reunion"]
[Date "2007.10.19"]
[Round "7"]
[White "Pommier, Laurent"]
[Black "Figaro, Dericka"]
[Result "0-1"]
[WhiteElo "1850"]
[BlackElo "1600"]
[PlyCount "104"]
[EventDate "2007.10.14"]
[EventType "swiss"]
[EventRounds "9"]
[EventCountry "RUF"]
[SourceTitle "EXT 2012"]
[Source "ChessBase"]
[SourceDate "2011.11.24"]
[SourceVersion "1"]
[SourceVersionDate "2011.11.24"]
[SourceQuality "1"]

1. e4 c5 2. Nf3 d6 3. d4 cxd4 4. Nxd4 Nf6 5. Nc3 a6 6. Be2 e5 7. Nb3 Be6 8. 0-0 Be7 9. Be3 0-0 10. Kh1 d5 11. exd5 Nxd5 12. Nxd5 Bxd5 13. Qc1 Qc7 14. c4 Be6 15. Qc3 Nd7 16. Rfd1 Rad8 17. Rd2 Nf6 18. f3 e4 19. Rad1 exf3 20. Bxf3 Bg4 21. Rxd8 Rxd8 22. Rxd8+ Bxd8 23. Bg5 Bxf3 24. Bxf6 Bxg2+ 25. Kxg2 Bxf6 26. Qc2 Qc6+ 27. Kf1 Qh1+ 28. Ke2 Qxh2+ 29. Kd3 Qxc2+ 30. Kxc2 h5 31. Nd2 g5 32. Ne4 Be7 33. Kd3 f5 34. Ng3 g4 35. Nxh5 Bg5 36. Ng3 f4 37. Ne4 Bh4 38. Ke2 f3+ 39. Kf1 g3 40. b4 Kf7 41. a4 b5 42. axb5 axb5 43. Nxg3 Bxg3 44. cxb5 Ke7 45. b6 Kd7 46. Kg1 Kc8 47. Kf1 Kb7 48. b5 Kxb6 49. Kg1 Kc5 50. b6 Kd4 51. b7 Ke3 52. b8B Bxb8 0-1